| 000 | 00861nam a2200253Ia 4500 | ||
|---|---|---|---|
| 003 | OSt | ||
| 005 | 20220918171025.0 | ||
| 006 | a|||||r|||| 00| 0 | ||
| 007 | ta | ||
| 008 | 220917b |||||||| |||| 00| 0 eng d | ||
| 020 |
_a9781137567628 (hbk) _cEURO 89.99 |
||
| 024 | _a320,573 | ||
| 037 |
_b168, 03/03/2017, Classic Book Service _cTextual |
||
| 040 |
_aARTS _cARTS _beng |
||
| 041 |
_2eng _aeng |
||
| 082 | _aZ73,81, Q6 | ||
| 100 |
_aSmith Christopher E. Au. _933241 |
||
| 245 | 0 |
_aSupreme court and the developent of law _b through the Prism of prsioners' rights |
|
| 260 |
_aNew York _bPalgrave Macmillan U.S.A _c2016 |
||
| 300 |
_axiv,227p. _ccm. |
||
| 650 |
_aLAW; UNITED STATES - SUPREME COURT _933242 |
||
| 942 |
_hZ73,81, Q6 _cTEXL _2CC |
||
| 999 |
_c137354 _d137354 |
||